[Event "Skakligaen 2021-22"]
[Site "Denmark"]
[Date "2022.01.30"]
[Round "6.1"]
[White "Nielsen, Viktor Haarmark"]
[Black "Papp, Gabor"]
[Result "1/2-1/2"]
[WhiteElo "2296"]
[BlackElo "2578"]
[PlyCount "80"]
[EventDate "2021.10.30"]
[EventType "team-tourn"]
[EventRounds "9"]
[EventCountry "DEN"]
[SourceTitle "Live"]
[WhiteTeam "Obro"]
[BlackTeam "Koge"]

1. e4 c6 2. d4 d5 3. exd5 cxd5 4. c4 Nf6 5. Nc3 g6 6. cxd5 Bg7 7. Bb5+ Nbd7 8.
d6 a6 9. dxe7 Qxe7+ 10. Be2 O-O 11. Nf3 b5 12. O-O Bb7 13. Re1 Qd6 14. Bg5 b4
15. Na4 Rfe8 16. Rc1 Ng4 17. h3 Bxf3 18. hxg4 Bxe2 19. Rxe2 Nf8 20. Rxe8 Rxe8
21. Be3 Ne6 22. Nc5 Nxd4 23. Nb3 Nb5 24. Qxd6 Nxd6 25. Rc6 Ne4 26. a3 bxa3 27.
bxa3 Nf6 28. Rc4 Nd5 29. Bd4 Bf8 30. a4 Nf4 31. Be3 Nd3 32. Kf1 Rb8 33. Nd2 Ne5
34. Re4 Nd7 35. Rd4 Rb7 36. Ne4 Be7 37. g3 f6 38. Bf4 Kf7 39. Nd6+ Bxd6 40.
Rxd6 Nc5 1/2-1/2

[Event "Skakligaen 2021-22"]
[Site "Denmark"]
[Date "2022.01.30"]
[Round "6.2"]
[White "Thybo, Jesper Sondergaard"]
[Black "Hansen, Soren Bech"]
[Result "1-0"]
[WhiteElo "2602"]
[BlackElo "2296"]
[PlyCount "67"]
[EventDate "2021.10.30"]
[EventType "team-tourn"]
[EventRounds "9"]
[EventCountry "DEN"]
[SourceTitle "Jesper S Thybo"]
[WhiteTeam "Koge"]
[BlackTeam "Obro"]

1. d4 f5 2. Bg5 h6 3. Bh4 g5 4. e3 Nf6 5. Bg3 d6 6. h4 Rg8 7. Be2 Be6 8. c4 c6
9. Nc3 Qb6 10. a3 a5 11. hxg5 hxg5 12. Qc2 Nbd7 13. Nf3 Bf7 14. Bd3 e6 15. Ne2
a4 16. O-O-O Qa5 17. Nc3 Bh5 18. Rde1 Bxf3 19. gxf3 d5 20. Kb1 dxc4 21. Bxc4
Nd5 22. Bxd5 cxd5 23. Rh7 Rg7 24. Rh8 Kf7 25. Reh1 Ra6 26. R1h6 Be7 27. Rc8 f4
28. exf4 Nb6 29. Rc7 Nc4 30. f5 e5 31. Rxa6 Qxc7 32. dxe5 Nxe5 33. Re6 Bd6 34.
Nb5 1-0

[Event "Skakligaen 2021-22"]
[Site "Denmark"]
[Date "2022.01.30"]
[Round "6.3"]
[White "Larsen, Karsten"]
[Black "Neiksans, Arturs"]
[Result "0-1"]
[WhiteElo "2252"]
[BlackElo "2571"]
[PlyCount "74"]
[EventDate "2021.10.30"]
[EventType "team-tourn"]
[EventRounds "9"]
[EventCountry "DEN"]
[SourceTitle "Arturs Neiksans"]
[WhiteTeam "Obro"]
[BlackTeam "Koge"]

1. d4 f5 2. Nc3 Nf6 3. Bg5 d5 4. e3 e6 5. a3 Nbd7 6. Nf3 c6 7. Bd3 Bd6 8. Ne2
O-O 9. c4 Qe8 10. cxd5 Nxd5 11. Bc4 N7b6 12. Ba2 Bd7 13. Bf4 Nxf4 14. Nxf4 Qe7
15. O-O Rad8 16. Rc1 Rf6 17. Qc2 Nd5 18. Bxd5 exd5 19. Nd3 f4 20. exf4 Bxf4 21.
Rce1 Qd6 22. Nxf4 Rxf4 23. Qc3 Rdf8 24. Ne5 Bc8 25. f3 Qh6 26. g3 R4f6 27. Rf2
Qg5 28. Qe3 Qf5 29. Qd2 Re6 30. Rfe2 Qf6 31. Re3 h5 32. Qc3 Qg5 33. R3e2 h4 34.
Qe3 Qf5 35. Qf2 hxg3 36. hxg3 Rh6 37. Qg2 Qh7 0-1

[Event "Skakligaen 2021-22"]
[Site "Denmark"]
[Date "2022.01.30"]
[Round "6.4"]
[White "Chatalbashev, Boris"]
[Black "Jorgensen, Brian Jorgen"]
[Result "1-0"]
[WhiteElo "2517"]
[BlackElo "2230"]
[PlyCount "91"]
[EventDate "2021.10.30"]
[EventType "team-tourn"]
[EventRounds "9"]
[EventCountry "DEN"]
[SourceTitle "Notationslister"]
[WhiteTeam "Koge"]
[BlackTeam "Obro"]

1. c4 f5 2. Nc3 Nf6 3. g3 e6 4. Bg2 d5 5. Nf3 c6 6. O-O Bd6 7. d3 O-O 8. e4
dxe4 9. dxe4 e5 10. exf5 Bxf5 11. Qb3 Qb6 12. Be3 Qxb3 13. axb3 Na6 14. h3 h6
15. Nh4 Bd7 16. Rfd1 Bc5 17. Ng6 Rfe8 18. Ra5 Bf5 19. Nh4 Bc2 20. Rc1 Bxe3 21.
fxe3 Nb4 22. Nf3 Nd7 23. Na2 Nxa2 24. Rxc2 Nb4 25. Rd2 Re7 26. Nh4 b6 27. Ra1
a5 28. Ng6 Re6 29. Rxd7 Rxg6 30. g4 Re8 31. c5 bxc5 32. Rxa5 e4 33. Rxc5 Nd5
34. Rc4 Nxe3 35. Rxe4 Rxe4 36. Bxe4 Re6 37. Bf3 Kf8 38. Kf2 Nc2 39. Be2 Rf6+
40. Kg3 Ke8 41. Rxg7 Nd4 42. Bc4 Rf3+ 43. Kg2 Re3 44. Rg6 Nxb3 45. Rxc6 Na5 46.
Re6+  1-0

[Event "Skakligaen 2021-22"]
[Site "Denmark"]
[Date "2022.01.30"]
[Round "6.5"]
[White "Simonsen, Carsten"]
[Black "Danielsen, Henrik"]
[Result "0-1"]
[WhiteElo "2218"]
[BlackElo "2517"]
[PlyCount "194"]
[EventDate "2021.10.30"]
[EventType "team-tourn"]
[EventRounds "9"]
[EventCountry "DEN"]
[SourceTitle "Notationslister"]
[WhiteTeam "Obro"]
[BlackTeam "Koge"]

1. d4 d6 2. e4 g6 3. Nf3 Bg7 4. Nc3 Nf6 5. Be2 O-O 6. O-O c5 7. d5 e6 8. h3 Na6
9. Bf4 exd5 10. exd5 Nc7 11. a4 b6 12. Re1 Bb7 13. Bc4 a6 14. Qd3 Rb8 15. Rab1
Bc8 16. b4 b5 17. axb5 axb5 18. Nxb5 Bf5 19. Qf1 Nxb5 20. Bxb5 Nxd5 21. Bg5 Qc7
22. bxc5 Qxc5 23. Bd3 Rxb1 24. Rxb1 Nc3 25. Re1 Be6 26. Be3 Qb4 27. Bd2 Bd5 28.
Ng5 Qa4 29. f3 Rb8 30. Ne4 Bxe4 31. fxe4 Rc8 32. Qf3 Be5 33. Bf4 Qd4+ 34. Kh1
Bxf4 35. Qxf4 Kg7 36. Rf1 Rc7 37. Qf3 Re7 38. Qf4 h5 39. Qf3 Qe5 40. Qf2 Rb7
41. Qf3 h4 42. Qf2 g5 43. Qf3 f6 44. Qf2 Kg6 45. Qf5+ Qxf5 46. exf5+ Kf7 47.
Kg1 d5 48. Kf2 d4 49. Ra1 Re7 50. Bc4+ Kg7 51. Be6 Rc7 52. Kf3 Nb5 53. Ra5 Nd6
54. Rd5 Rc3+ 55. Ke2 Rxc2+ 56. Kd3 Rc6 57. Rxd4 Kf8 58. Ra4 Rc7 59. Kd4 Nb5+
60. Kd3 Rc3+ 61. Kd2 Rc7 62. Rb4 Nd6 63. Kd3 Ke7 64. Kd4 Rc2 65. Bd5 Nxf5+ 66.
Kd3 Rc5 67. Bf3 Kd6 68. Ra4 Rb5 69. Rc4 Rb3+ 70. Kd2 Rb2+ 71. Kd3 Rb3+ 72. Kd2
Rb5 73. Kd3 Ra5 74. Rb4 Ra3+ 75. Kd2 Ng3 76. Rb6+ Ke5 77. Rb5+ Kd4 78. Rd5+ Kc4
79. Rd6 f5 80. Rd8 Ra2+ 81. Ke1 Kc3 82. Rc8+ Kd3 83. Rd8+ Ke3 84. Rd1 Ne4 85.
Rc1 Nf2 86. Rb1 Rc2 87. Kf1 Ne4 88. Kg1 Rc3 89. Ra1 Kf4 90. Kh2 Nf2 91. Ba8 g4
92. hxg4 fxg4 93. Rb1 Rc2 94. g3+ hxg3+ 95. Kg1 Nh3+ 96. Kf1 g2+ 97. Bxg2 Rf2+ 
0-1

[Event "Skakligaen 2021-22"]
[Site "Denmark"]
[Date "2022.01.30"]
[Round "6.6"]
[White "Sengupta, Deep"]
[Black "Kakulidis, Ellen"]
[Result "1-0"]
[WhiteElo "2535"]
[BlackElo "2054"]
[PlyCount "81"]
[EventDate "2021.10.30"]
[EventType "team-tourn"]
[EventRounds "9"]
[EventCountry "DEN"]
[SourceTitle "Deep Sengupta"]
[WhiteTeam "Koge"]
[BlackTeam "Obro"]

1. e4 e5 2. Nf3 Nc6 3. Nc3 Nf6 4. g3 Be7 5. Bg2 O-O 6. O-O d6 7. h3 Re8 8. d3
Nb8 9. d4 Nbd7 10. Re1 c6 11. a4 a5 12. b3 Qc7 13. Ba3 Nf8 14. Qd2 Ng6 15. Rad1
h6 16. Nh2 Bf8 17. Nf1 Be6 18. d5 cxd5 19. exd5 Bd7 20. Ne3 Rac8 21. Nc4 Bxa4
22. Nxa4 b5 23. Nab6 Rb8 24. Qxa5 bxc4 25. Nxc4 Qxa5 26. Nxa5 Ra8 27. Bb4 Nd7
28. Nc4 Ra6 29. Ra1 Rea8 30. Rxa6 Rxa6 31. Ba5 f5 32. b4 Ra8 33. Ne3 f4 34. Nf1
Ne7 35. g4 g5 36. Nd2 Nf6 37. c4 Rc8 38. Rb1 Nd7 39. Be4 Kf7 40. Bd3 Bg7 41.
Ne4 1-0

[Event "Skakligaen 2021-22"]
[Site "Denmark"]
[Date "2022.01.30"]
[Round "6.7"]
[White "Skou, Niels"]
[Black "Smith, Axel"]
[Result "1-0"]
[WhiteElo "2045"]
[BlackElo "2435"]
[PlyCount "120"]
[EventDate "2021.10.30"]
[EventType "team-tourn"]
[EventRounds "9"]
[EventCountry "DEN"]
[SourceTitle "Axel Smith"]
[WhiteTeam "Obro"]
[BlackTeam "Koge"]

1. d4 f5 2. Bf4 Nf6 3. e3 d6 4. Nc3 g6 5. h4 Bg7 6. h5 Nxh5 7. Rxh5 gxh5 8.
Qxh5+ Kf8 9. Be2 Nd7 10. Qxf5+ Nf6 11. Qd3 c6 12. O-O-O Be6 13. Nf3 b5 14. Ng5
Bg8 15. Kb1 h6 16. Nf3 Bh7 17. Qd2 a5 18. Rh1 a4 19. Bd3 b4 20. Nd1 b3 21. Bxh7
Rxh7 22. cxb3 axb3 23. a3 Qa5 24. Qd3 Qd5 25. Nc3 Qf7 26. Nh4 Kg8 27. Nf5 h5
28. f3 Nd5 29. Nxd5 cxd5 30. g4 Rf8 31. Ka1 Kh8 32. Qxb3 hxg4 33. Rxh7+ Kxh7
34. fxg4 Re8 35. Qc2 Kg8 36. Qg2 Bf8 37. Qh1 Rc8 38. a4 e6 39. Nh6+ Bxh6 40.
Qxh6 Ra8 41. b3 Re8 42. Qg5+ Kh7 43. Bxd6 Qf1+ 44. Ka2 Qg2+ 45. Ka3 Qh1 46.
Qh5+ Qxh5 47. gxh5 Kh6 48. a5 Kxh5 49. Ka4 Kg4 50. a6 Kf3 51. Bf4 e5 52. Bxe5
Kxe3 53. Kb5 Kd3 54. a7 Ra8 55. Kb6 Kc3 56. Kb7 Rg8 57. a8=Q Rxa8 58. Kxa8 Kxb3
59. Kb7 Kc3 60. Kc6 Kc4 1-0

[Event "Skakligaen 2021-22"]
[Site "Denmark"]
[Date "2022.01.30"]
[Round "6.8"]
[White "Ahlander, Bjorn"]
[Black "Hallundbaek, Aksel Wetke"]
[Result "1-0"]
[WhiteElo "2363"]
[BlackElo "1785"]
[PlyCount "83"]
[EventDate "2021.10.30"]
[EventType "team-tourn"]
[EventRounds "9"]
[EventCountry "DEN"]
[SourceTitle "Bjorn Ahlander"]
[WhiteTeam "Koge"]
[BlackTeam "Obro"]

1. d4 d5 2. c4 c6 3. Nf3 Nf6 4. Nc3 dxc4 5. a4 Bf5 6. Ne5 Nbd7 7. Nxc4 Qc7 8.
g3 e5 9. dxe5 Nxe5 10. Bf4 Nfd7 11. a5 g5 12. Bxe5 Nxe5 13. Qd4 Nxc4 14. Qxh8
O-O-O 15. Qf6 Be6 16. Bg2 Be7 17. Qh6 Qe5 18. O-O g4 19. a6 Bg5 20. Qxh7 Ne3
21. axb7+ Kb8 22. Qe4 Qxe4 23. Nxe4 Nxf1 24. Nxg5 Nd2 25. Nxe6 fxe6 26. Bxc6
Nb3 27. Re1 Rd2 28. Kf1 a5 29. Kg2 Nd4 30. Be4 Nb3 31. h4 gxh3+ 32. Kxh3 Nc5
33. Bf3 Rxb2 34. g4 a4 35. g5 e5 36. Bd5 Rd2 37. Bf7 Ne4 38. g6 Ng5+ 39. Kg4
Nxf7 40. gxf7 Rd8 41. Kf5 Kxb7 42. Kxe5 1-0

[Event "Skakligaen 2021-22"]
[Site "Denmark"]
[Date "2022.01.30"]
[Round "6.2"]
[White "Schandorff, Lars"]
[Black "Hoi, Carsten"]
[Result "1/2-1/2"]
[WhiteElo "2458"]
[BlackElo "2348"]
[PlyCount "95"]
[EventDate "2021.10.30"]
[EventType "team-tourn"]
[EventRounds "9"]
[EventCountry "DEN"]
[SourceTitle "Carsten Hoi"]
[WhiteTeam "Hillerod"]
[BlackTeam "Bronshoj"]

1. Nf3 Nf6 2. g3 g6 3. b3 Bg7 4. Bb2 O-O 5. Bg2 d6 6. d4 c6 7. O-O Bg4 8. Nbd2
Qc8 9. Re1 Nbd7 10. e4 a5 11. a4 Qc7 12. h3 Bxf3 13. Nxf3 e5 14. dxe5 Nxe5 15.
Nd4 Rad8 16. Qd2 d5 17. exd5 Nxd5 18. c3 h5 19. Rad1 Rfe8 20. Kh1 Qb8 21. Qc2
h4 22. Bc1 hxg3 23. fxg3 Nd7 24. Qd3 N7f6 25. Bg5 Re5 26. Rxe5 Qxe5 27. Nf3
Qxg3 28. c4 Re8 29. cxd5 Ne4 30. Be3 cxd5 31. Rf1 g5 32. Kg1 g4 33. hxg4 Qxg4
34. Qxd5 Ng3 35. Qxf7+ Kxf7 36. Ne5+ Ke6 37. Nxg4 Nxf1 38. Kxf1 Kf5 39. Bf3 Rc8
40. Bd2 Bc3 41. Ne3+ Kg5 42. Bc1 b6 43. Nc4+ Kh4 44. Nxb6 Re8 45. Bf4 Rf8 46.
Nd5 Be5 47. Bxe5 Rxf3+ 48. Ke2 1/2-1/2

[Event "Skakligaen 2021-22"]
[Site "Denmark"]
[Date "2022.01.30"]
[Round "6.3"]
[White "Carstensen, Jacob"]
[Black "Percivaldi, Martin"]
[Result "0-1"]
[WhiteElo "2361"]
[BlackElo "2385"]
[PlyCount "56"]
[EventDate "2021.10.30"]
[EventType "team-tourn"]
[EventRounds "9"]
[EventCountry "DEN"]
[SourceTitle "Live"]
[WhiteTeam "Bronshoj"]
[BlackTeam "Hillerod"]

1. d4 d5 2. c4 e6 3. Nc3 Bb4 4. e3 Nf6 5. Nf3 O-O 6. Bd3 b6 7. cxd5 exd5 8. O-O
Bb7 9. Ne5 a6 10. Bd2 Bd6 11. f4 c5 12. Be1 Nc6 13. Bh4 Be7 14. Bxf6 Bxf6 15.
Rc1 g6 16. Bb1 Bg7 17. Qd3 c4 18. Qe2 b5 19. Rcd1 b4 20. Na4 Nxe5 21. fxe5 Bc6
22. Nc5 Qe7 23. e4 Bxe5 24. Qf2 Bd6 25. exd5 Bxd5 26. Rde1 Qc7 27. g3 Bxc5 28.
dxc5 Rac8 0-1

[Event "Skakligaen 2021-22"]
[Site "Denmark"]
[Date "2022.01.30"]
[Round "6.4"]
[White "Borge, Nikolaj"]
[Black "Aabling Thomsen, Jakob"]
[Result "1-0"]
[WhiteElo "2381"]
[BlackElo "2348"]
[PlyCount "79"]
[EventDate "2021.10.30"]
[EventType "team-tourn"]
[EventRounds "9"]
[EventCountry "DEN"]
[SourceTitle "Jakob Aabling Thomsen"]
[WhiteTeam "Hillerod"]
[BlackTeam "Bronshoj"]

1. e4 e5 2. Nf3 d5 3. d4 dxe4 4. Nxe5 Bd6 5. Bc4 Bxe5 6. Qh5 Qe7 7. dxe5 Be6 8.
Bb5+ c6 9. Ba4 Nd7 10. Nc3 Nc5 11. Bb3 Bxb3 12. axb3 g6 13. Qe2 Qxe5 14. b4 Ne6
15. Ra5 Qd4 16. Qxe4 Nf6 17. Qxd4 Nxd4 18. Re5+ Ne6 19. b5 O-O 20. bxc6 bxc6
21. Ne4 Nd7 22. Ra5 Nd4 23. Kd1 Rfe8 24. Nd6 Re6 25. Nc4 Rd8 26. Bd2 Nb6 27.
Ne5 Nb5 28. Re1 Red6 29. Nd3 Nc4 30. Ra2 Nd4 31. Bg5 f6 32. Bf4 Nxc2 33. Kxc2
Rxd3 34. Rxa7 R3d7 35. Rxd7 Rxd7 36. Re6 g5 37. Bg3 c5 38. Rxf6 Rd5 39. b3 Nd2
40. Rd6 1-0

[Event "Skakligaen 2021-22"]
[Site "Denmark"]
[Date "2022.01.30"]
[Round "6.6"]
[White "Storme, Isak"]
[Black "Greger, Roland Reinhard"]
[Result "1-0"]
[WhiteElo "2352"]
[BlackElo "2277"]
[PlyCount "81"]
[EventDate "2021.10.30"]
[EventType "team-tourn"]
[EventRounds "9"]
[EventCountry "DEN"]
[SourceTitle "Live"]
[WhiteTeam "Hillerod"]
[BlackTeam "Bronshoj"]

1. e4 e6 2. d4 d5 3. Nd2 Nf6 4. e5 Nfd7 5. Bd3 c5 6. c3 Nc6 7. Ne2 cxd4 8. cxd4
f6 9. exf6 Nxf6 10. O-O Bd6 11. Nf3 Qc7 12. Nc3 a6 13. h3 O-O 14. Be3 Bd7 15.
Rc1 Rae8 16. Na4 Bc8 17. Bb1 Bf4 18. Bxf4 Qxf4 19. Nc5 Qd6 20. Nd3 Nd7 21. Re1
e5 22. dxe5 Ndxe5 23. Nfxe5 Nxe5 24. Rxc8 Nf3+ 25. Qxf3 Rxe1+ 26. Nxe1 Rxc8 27.
Bxh7+ Kh8 28. Bf5 Rf8 29. Qh5+ Qh6 30. Qxh6+ gxh6 31. g4 Kg7 32. f4 Kf6 33. Kf2
b5 34. Bd3 Rc8 35. h4 Rc1 36. g5+ hxg5 37. hxg5+ Ke6 38. f5+ Ke5 39. f6 Ke6 40.
Nf3 Ra1 41. Bf5+ 1-0

[Event "Skakligaen 2021-22"]
[Site "Denmark"]
[Date "2022.01.30"]
[Round "6.7"]
[White "Laursen, Niels Norskov"]
[Black "Jaksland, Tim"]
[Result "1-0"]
[WhiteElo "2195"]
[BlackElo "2212"]
[PlyCount "121"]
[EventDate "2021.10.30"]
[EventType "team-tourn"]
[EventRounds "9"]
[EventCountry "DEN"]
[SourceTitle "Notationslister"]
[WhiteTeam "Bronshoj"]
[BlackTeam "Hillerod"]

1. e4 e5 2. Nf3 Nc6 3. Bb5 a6 4. Ba4 Nf6 5. O-O Be7 6. Re1 b5 7. Bb3 d6 8. a4
Bd7 9. c3 O-O 10. h3 Na5 11. Bc2 c5 12. d3 Qc7 13. Nbd2 Rfe8 14. Nf1 h6 15. Ne3
Bf8 16. axb5 axb5 17. d4 cxd4 18. cxd4 Nc6 19. Rxa8 Rxa8 20. d5 Nb4 21. Bd2
Nxc2 22. Nxc2 Be7 23. Nb4 Qc5 24. Qb1 Kf8 25. Rc1 Qb6 26. Qd3 Rc8 27. Rxc8+
Bxc8 28. Nc6 Bd7 29. Nb4 Qc5 30. b3 Ke8 31. Ne1 Bd8 32. Nec2 Qa7 33. Be3 Qb7
34. Kh2 Bb6 35. f4 Bxe3 36. Qxe3 exf4 37. Qxf4 Qc7 38. Nd4 Qc5 39. Nbc6 Bxc6
40. Nxc6 Nd7 41. b4 g5 42. Qg3 Qc1 43. Qxd6 Qf4+ 44. Qxf4 gxf4 45. Nd4 Nf6 46.
Nxb5 Nxe4 47. Kg1 Kd7 48. Kf1 Nf6 49. Nc3 Kd6 50. Ke2 Ke5 51. Kd3 Nd7 52. Kc4
f5 53. b5 f3 54. gxf3 Kf4 55. Na4 Kxf3 56. b6 Ke3 57. b7 f4 58. Nc5 f3 59. Nxd7
f2 60. b8=Q f1=Q+ 61. Kc5  1-0

[Event "Skakligaen 2021-22"]
[Site "Denmark"]
[Date "2022.01.30"]
[Round "6.8"]
[White "Ostergaard, Jens"]
[Black "Thuesen, Mogens Henrik"]
[Result "1-0"]
[WhiteElo "2230"]
[BlackElo "2172"]
[PlyCount "83"]
[EventDate "2021.10.30"]
[EventType "team-tourn"]
[EventRounds "9"]
[EventCountry "DEN"]
[SourceTitle "Notationslister"]
[WhiteTeam "Hillerod"]
[BlackTeam "Bronshoj"]

1. d4 d5 2. Nf3 e6 3. c4 c6 4. e3 Nf6 5. Nc3 Nbd7 6. Bd3 dxc4 7. Bxc4 b5 8. Bd3
a6 9. a4 Bb7 10. O-O b4 11. Ne4 c5 12. Nxf6+ Nxf6 13. dxc5 Bxc5 14. Qe2 Qd5 15.
Rd1 Qh5 16. h3 Rd8 17. b3 O-O 18. Bb2 a5 19. Rac1 Ne4 20. Rc4 f5 21. Rcc1 Bb6
22. Bc4 Kh8 23. Rxd8 Rxd8 24. Rd1 Ng5 25. Rxd8+ Bxd8 26. Ne5 Qxe2 27. Bxe2 Bc7
28. Bc4 Bd5 29. Bxd5 exd5 30. Nc6 Ne4 31. Ne7 Nd2 32. Nxf5 Nxb3 33. Nxg7 Kg8
34. Ne8 Bd8 35. Kf1 Nc5 36. Ke2 Nxa4 37. Bd4 Kf8 38. Nd6 Bb6 39. Kd3 Nc5+ 40.
Kc2 a4 41. Nc8 b3+ 42. Kb1  1-0

[Event "Skakligaen 2021-22"]
[Site "Denmark"]
[Date "2022.01.30"]
[Round "6.1"]
[White "Svane, Frederik"]
[Black "Ochsner, Bjorn Moller"]
[Result "1/2-1/2"]
[WhiteElo "2470"]
[BlackElo "2506"]
[PlyCount "81"]
[EventDate "2021.10.30"]
[EventType "team-tourn"]
[EventRounds "9"]
[EventCountry "DEN"]
[SourceTitle "Jan Sorensen"]
[WhiteTeam "Skanderborg"]
[BlackTeam "AarhusSkolerne"]

1. e4 c5 2. c3 Nf6 3. e5 Nd5 4. Nf3 e6 5. d4 cxd4 6. cxd4 d6 7. Bc4 Be7 8. O-O
O-O 9. Qe2 b6 10. Rd1 Bb7 11. Bxd5 exd5 12. Nc3 Na6 13. Be3 Nc7 14. Qc2 Re8 15.
h3 Qd7 16. Bf4 Rac8 17. exd6 Bxd6 18. Bxd6 Qxd6 19. Re1 Re6 20. Rxe6 Nxe6 21.
Re1 Bc6 22. Qf5 Rd8 23. Ng5 Nxg5 24. Qxg5 f6 25. Qf5 Be8 26. Qxd5+ Qxd5 27.
Nxd5 Kf8 28. Nf4 Bf7 29. d5 g5 30. Ne6+ Bxe6 31. Rxe6 Kf7 32. Rc6 Rxd5 33. Rc7+
Kg6 34. Rxa7 Rd1+ 35. Kh2 Rd2 36. b4 Rxf2 37. b5 h5 38. Ra6 h4 39. Kg1 Rb2 40.
a4 Ra2 41. Rxb6 1/2-1/2

[Event "Skakligaen 2021-22"]
[Site "Denmark"]
[Date "2022.01.30"]
[Round "6.2"]
[White "Sorensen, Jan"]
[Black "Boe Olsen, Filip"]
[Result "1/2-1/2"]
[WhiteElo "2369"]
[BlackElo "2357"]
[PlyCount "31"]
[EventDate "2021.10.30"]
[EventType "team-tourn"]
[EventRounds "9"]
[EventCountry "DEN"]
[SourceTitle "Filip Boe Olsen"]
[WhiteTeam "AarhusSkolerne"]
[BlackTeam "Skanderborg"]

1. e4 c5 2. Nf3 d6 3. Nc3 Nf6 4. e5 dxe5 5. Nxe5 e6 6. Bb5+ Bd7 7. Nxd7 Nbxd7
8. O-O Be7 9. d4 cxd4 10. Qxd4 O-O 11. Rd1 Qc7 12. Bxd7 Rfd8 13. Bf4 Qxd7 14.
Qxd7 Rxd7 15. Rxd7 Nxd7 16. Rd1 1/2-1/2

[Event "Skakligaen 2021-22"]
[Site "Denmark"]
[Date "2022.01.30"]
[Round "6.3"]
[White "Andersen, Jackie"]
[Black "Vinter Schou, Uffe"]
[Result "1-0"]
[WhiteElo "2398"]
[BlackElo "2297"]
[PlyCount "57"]
[EventDate "2021.10.30"]
[EventType "team-tourn"]
[EventRounds "9"]
[EventCountry "DEN"]
[SourceTitle "Jan Sorensen"]
[WhiteTeam "Skanderborg"]
[BlackTeam "AarhusSkolerne"]

1. c4 e5 2. Nc3 Nf6 3. e3 Nc6 4. g4 h6 5. Bg2 Bb4 6. Nd5 Nxd5 7. cxd5 Ne7 8. a3
Bd6 9. d4 Ng6 10. dxe5 Nxe5 11. h4 Qe7 12. h5 b6 13. f4 Nc4 14. Qd3 b5 15. Ne2
Rb8 16. O-O O-O 17. Nd4 Qh4 18. b3 Nb6 19. Nf5 Qxg4 20. Rf3 Qxh5 21. Rh3 Qg6
22. Bb2 Nc4 23. Bxg7 Nxe3 24. Rxe3 Bc5 25. Bd4 Bxd4 26. Qxd4 Kh7 27. Rg3 Qb6
28. Rc1 Re8 29. Rc5 1-0

[Event "Skakligaen 2021-22"]
[Site "Denmark"]
[Date "2022.01.30"]
[Round "6.4"]
[White "Pedersen, Finn"]
[Black "Pedersen, Nicolai Vesterbaek"]
[Result "1/2-1/2"]
[WhiteElo "2294"]
[BlackElo "2365"]
[PlyCount "24"]
[EventDate "2021.10.30"]
[EventType "team-tourn"]
[EventRounds "9"]
[EventCountry "DEN"]
[SourceTitle "Jan Sorensen"]
[WhiteTeam "AarhusSkolerne"]
[BlackTeam "Skanderborg"]

1. Nf3 Nf6 2. d4 e6 3. Bg5 c5 4. c3 Nc6 5. e3 b6 6. Bd3 Bb7 7. Nbd2 Be7 8. O-O
cxd4 9. exd4 Nd5 10. Bxe7 Ncxe7 11. Re1 f5 12. a4 O-O 1/2-1/2

[Event "Skakligaen 2021-22"]
[Site "Denmark"]
[Date "2022.01.30"]
[Round "6.5"]
[White "Brondt, Nicolai Kvist"]
[Black "Boe, Mads"]
[Result "1/2-1/2"]
[WhiteElo "2217"]
[BlackElo "2243"]
[PlyCount "91"]
[EventDate "2021.10.30"]
[EventType "team-tourn"]
[EventRounds "9"]
[EventCountry "DEN"]
[SourceTitle "Filip Boe Olsen"]
[WhiteTeam "Skanderborg"]
[BlackTeam "AarhusSkolerne"]

1. Nf3 d5 2. d4 Nf6 3. c4
c6 4. e3 Bf5 5. Nc3 e6 6. Bd3 Bg6 7. O-O Nbd7 8. b3 Bd6 9. Qc2 Qe7 10. Bb2 Bxd3
11. Qxd3 O-O 12. e4 dxe4 13. Nxe4 Nxe4 14. Qxe4 Ba3 15. Bc3 Bb4 16. Bb2 Ba3 17.
Bc3 Bb4 18. Qc2 Bxc3 19. Qxc3 Rfd8 20. Rfd1 Qd6 21. Rd2 a5 22. a4 Nf6 23. Re1
h6 24. g3 Qc7 25. Qe3 Ng4 26. Qe4 Nf6 27. Qe3 Ng4 28. Qe2 Nf6 29. Red1 Qb6 30.
Rd3 Qc7 31. Ne5 Nd7 32. Kg2 Nxe5 33. Qxe5 Rac8 34. f4 Rd7 35. Kf3 Qb6 36. Qc5
Qc7 37. Qe5 Qb6 38. Qc5 Qc7 39. R1d2 Rcd8 40. Rd1 b6 41. Qe5 Qb7 42. Kf2 Rd6
43. Qe4 Qd7 44. Qe5 Qb7 45. Qe4 Qd7 46. Qe5 1/2-1/2

[Event "Skakligaen 2021-22"]
[Site "Denmark"]
[Date "2022.01.30"]
[Round "6.6"]
[White "Ochsner, Thomas"]
[Black "Svane, Henrik"]
[Result "1-0"]
[WhiteElo "2260"]
[BlackElo "2073"]
[PlyCount "51"]
[EventDate "2021.10.30"]
[EventType "team-tourn"]
[EventRounds "9"]
[EventCountry "DEN"]
[SourceTitle "Jan Sorensen"]
[WhiteTeam "AarhusSkolerne"]
[BlackTeam "Skanderborg"]

1. e4 e6 2. d3 d5 3. Nd2 Nf6 4. Ngf3 Bc5 5. e5 Nfd7 6. d4 Bb6 7. b4 a5 8. b5 c5
9. c3 O-O 10. Bd3 f6 11. O-O f5 12. c4 cxd4 13. cxd5 exd5 14. Ba3 Bc5 15. Bb2
Qe7 16. Re1 Nb6 17. Rc1 Be6 18. Nb3 Bb4 19. Re2 Nc4 20. Ba1 Nd7 21. Nbxd4 Nc5
22. Nxe6 Nxd3 23. Qxd3 Qxe6 24. Ng5 Qg6 25. Qxd5+ Kh8 26. Ne6 1-0

[Event "Skakligaen 2021-22"]
[Site "Denmark"]
[Date "2022.01.30"]
[Round "6.7"]
[White "Munk, Kai S"]
[Black "Hagen, Kresten Skytte"]
[Result "1/2-1/2"]
[WhiteElo "1961"]
[BlackElo "2173"]
[PlyCount "58"]
[EventDate "2021.10.30"]
[EventType "team-tourn"]
[EventRounds "9"]
[EventCountry "DEN"]
[SourceTitle "Jan Sorensen"]
[WhiteTeam "Skanderborg"]
[BlackTeam "AarhusSkolerne"]

1. Nf3 Nf6 2. c4 e6 3. Nc3 c5 4. e3 a6 5. b3 Nc6 6. Bb2 Be7 7. d4 cxd4 8. exd4
d5 9. Be2 O-O 10. O-O b6 11. Re1 Bb7 12. cxd5 Nxd5 13. Nxd5 Qxd5 14. Bc4 Qh5
15. Ne5 Qxd1 16. Raxd1 b5 17. Nxc6 Bxc6 18. Bf1 Bd5 19. Rc1 Bg5 20. Rc2 Rfc8
21. Rxc8+ Rxc8 22. Bd3 Bd2 23. Rd1 Ba5 24. Kf1 Kf8 25. f3 h5 26. Ke2 Ke8 27.
Rc1 Ra8 28. Be4 Bxe4 29. fxe4 Kd7 1/2-1/2

[Event "Skakligaen 2021-22"]
[Site "Denmark"]
[Date "2022.01.30"]
[Round "6.8"]
[White "Arnbjerg, Jacob"]
[Black "Norgaard, Poul"]
[Result "1/2-1/2"]
[WhiteElo "1959"]
[BlackElo "1775"]
[PlyCount "50"]
[EventDate "2021.10.30"]
[EventType "team-tourn"]
[EventRounds "9"]
[EventCountry "DEN"]
[SourceTitle "Martin Matthiesen"]
[WhiteTeam "AarhusSkolerne"]
[BlackTeam "Skanderborg"]

1. d4 Nf6 2. e3 g6 3. Bd3 Bg7 4. f4 d6 5. Nf3 O-O 6. O-O Nc6 7. c3 Re8 8. e4 e5
9. d5 Nb8 10. fxe5 dxe5 11. Qe2 a6 12. Bg5 Qd6 13. Kh1 Nbd7 14. Nbd2 Qf8 15.
Nc4 h6 16. Bh4 Nh5 17. Bc2 Nf4 18. Qf2 g5 19. Bg3 Nh5 20. Ne3 Nb6 21. Nd2 Nf4
22. Ndc4 Nxc4 23. Nxc4 Bd7 24. Ne3 Qc5 25. Bxf4 exf4 1/2-1/2

[Event "Skakligaen 2021-22"]
[Site "Denmark"]
[Date "2022.02.27"]
[Round "7.1"]
[White "Thogersen, Rasmus"]
[Black "Hillarp Persson, Tiger"]
[Result "0-1"]
[WhiteElo "2278"]
[BlackElo "2521"]
[PlyCount "81"]
[EventDate "2021.10.30"]
[EventType "team-tourn"]
[EventRounds "9"]
[EventCountry "DEN"]
[SourceTitle "Turneringssystemet"]
[WhiteTeam "SK1968"]
[BlackTeam "Bronshoj"]

1. e4 c5 2. Nc3 Nc6 3. Nge2 d6 4. d4 cxd4 5. Nxd4 Nf6 6. Bg5 e6 7. Qd2 a6 8.
O-O-O Bd7 9. f4 Be7 10. Nf3 b5 11. Bd3 Qa5 12. Kb1 Ra7 13. g4 b4 14. Ne2 O-O
15. f5 Rc8 16. Rhg1 Rac7 17. Nc1 Na7 18. Nb3 Qa4 19. Be3 d5 20. g5 Nxe4 21.
Bxe4 dxe4 22. Ne5 Be8 23. g6 fxg6 24. fxg6 hxg6 25. Nxg6 Bxg6 26. Rxg6 Bf8 27.
Rxe6 Qb5 28. Rb6 Qc4 29. Ka1 Nb5 30. Na5 Qf7 31. Rc1 Rd7 32. Qg2 Qf3 33. Qg1
Rxc2 34. Rxc2 Rd1+ 35. Qxd1 Qxd1+ 36. Rc1 Qd3 37. Bf4 Nd4 38. a3 b3 39. Rc3
Nc2+ 40. Rxc2 bxc2 41. Nb3 0-1